[Event "4NCL Division 4 South"]
[Site "Bedford, ENG"]
[Date "2019.01.13"]
[Round "4.56"]
[White "Neatherway, A Philip"]
[Black "Taylor, Robert P"]
[Result "1-0"]
[WhiteElo "1783"]
[BlackElo "1742"]
[PlyCount "55"]
[EventDate "2019.01.13"]
[WhiteTeam "Oxford 3"]
[BlackTeam "Ashfield 2"]

1. e4 Nc6 2. d4 d5 3. Nc3 dxe4 4. d5 Ne5 5. Bf4 Ng6 6. Bg3 Nf6 7. Nb5 e5 8.
dxe6 Bb4+ 9. c3 Ba5 10. Qxd8+ Kxd8 11. O-O-O+ Ke7 12. Nxc7 Bxc7 13. Bxc7 fxe6
14. Nh3 h6 15. Bc4 Bd7 16. Bd6+ Kf7 17. Rhe1 Rac8 18. Bb3 Bc6 19. f3 Rhd8 20.
Nf2 Bd5 21. fxe4 Rxd6 22. exd5 exd5 23. Ne4 Nxe4 24. Rxe4 Rcd8 25. Red4 Ne7 26.
c4 g5 27. cxd5 Nc6 28. dxc6+ 1-0

[Event "4NCL Division 4 South"]
[Site "Bedford, ENG"]
[Date "2019.01.13"]
[Round "4.61"]
[White "Tucker, David S"]
[Black "Smith, Olivia"]
[Result "1/2-1/2"]
[WhiteElo "1989"]
[BlackElo "2132"]
[PlyCount "119"]
[EventDate "2019.01.13"]
[WhiteTeam "Check Innmates 2"]
[BlackTeam "Fischer's Catch"]

1. e4 d5 2. exd5 Nf6 3. Bb5+ Bd7 4. Be2 Nxd5 5. d4 e6 6. Nf3 Nc6 7. O-O h6 8.
c4 Nb6 9. Nc3 g5 10. d5 exd5 11. cxd5 Ne7 12. Qd4 Rg8 13. Bd3 Bg7 14. Qc5 Na4
15. Nxa4 Bxa4 16. Bb5+ Bxb5 17. Qxb5+ Qd7 18. Qxb7 Qxd5 19. Qxd5 Nxd5 20. Rb1
O-O-O 21. h3 Rge8 22. Bd2 Re4 23. Rfe1 Rde8 24. Kf1 Kb7 25. Rbd1 c6 26. b3 f5
27. Rxe4 fxe4 28. Ne1 Re7 29. Nc2 Nf4 30. Bb4 Rf7 31. Bc5 Nd3 32. Be3 Be5 33.
Ne1 Nb4 34. a3 Nd5 35. Nc2 Bg3 36. Rd2 a6 37. Kg1 Bf4 38. Rd4 Re7 39. Rc4 Nxe3
40. Nxe3 $11 Re6 41. Kf1 Bc7 42. Ke2 Bb6 43. Nd1 Re5 44. Ne3 Kc7 45. a4 Kd7 46.
Ng4 Re6 47. Rb4 Bc7 48. Rd4+ Ke7 49. Ne3 h5 50. Nf5+ Kf6 51. Ng3 Bxg3 52. fxg3
Kf5 53. Ke3 c5 54. Rd5+ Re5 55. Rd6 Re7 56. a5 Rb7 57. Rd5+ Kf6 58. Rxc5 Rxb3+
59. Kxe4 Rxg3 60. Rc6+ 1/2-1/2

[Event "4NCL Division 4 South"]
[Site "Bedford, ENG"]
[Date "2019.01.13"]
[Round "4.62"]
[White "Staniforth, Matthew"]
[Black "Girdlestone, Paul C"]
[Result "0-1"]
[WhiteElo "1958"]
[BlackElo "2001"]
[PlyCount "58"]
[EventDate "2019.01.13"]
[WhiteTeam "Fischer's Catch"]
[BlackTeam "Check Innmates 2"]

1. e4 e5 2. Nf3 Nc6 3. Nc3 g6 4. Be2 Bg7 5. O-O Nge7 6. Nd5 O-O 7. d3 Nxd5 8.
exd5 Ne7 9. c4 Nf5 10. Re1 c6 11. Bf1 Re8 12. g4 Nh4 13. d6 b6 14. Ng5 h6 15.
Ne4 f5 16. gxf5 gxf5 17. Qh5 Re6 18. Bh3 Rg6+ 19. Kh1 fxe4 20. Rxe4 c5 21. Rxh4
Qxh4 22. Qxg6 Qxh3 23. Be3 Bb7+ 24. Kg1 Rf8 25. Re1 Qf5 26. Qg3 Rf6 27. Qh4 Bf3
28. h3 Rg6+ 29. Kh2 Rg2+ 0-1

[Event "4NCL Division 4 South"]
[Site "Bedford, ENG"]
[Date "2019.01.13"]
[Round "4.63"]
[White "Rabbitt, Michael"]
[Black "Rathbone-Jones, Ifan"]
[Result "1/2-1/2"]
[WhiteElo "2004"]
[BlackElo "1907"]
[PlyCount "80"]
[EventDate "2019.01.13"]
[WhiteTeam "Check Innmates 2"]
[BlackTeam "Fischer's Catch"]

1. e4 c5 2. Nf3 d6 3. d4 cxd4 4. Nxd4 Nf6 5. f3 a6 6. c4 g6 7. Be3 Bg7 8. Nc3
e6 9. Nc2 Nc6 10. Qd2 O-O 11. Rd1 Qa5 12. Qxd6 Rd8 13. Qc5 Rxd1+ 14. Kxd1 Qd8+
15. Kc1 Nd7 16. Qd6 Be5 17. Qd2 Qa5 18. Kb1 b5 19. f4 Bg7 20. e5 b4 21. Ne4
Ndxe5 22. Be2 Nd7 23. Qd6 Nd8 24. Qxb4 Qc7 25. Qd2 Bxb2 26. Kxb2 Qb7+ 27. Ka1
Rb8 28. Nf6+ Kg7 29. Bd4 Nxf6 30. Bf3 Qe7 31. Rd1 Bb7 32. Bxb7 Rxb7 33. g4 Kg8
34. Bb2 Rd7 35. Qe2 Rxd1+ 36. Qxd1 Nc6 $11 37. h3 Ne4 38. Qd3 f5 39. Ne3 $11
Qd6 40. Qb3 Qb8 1/2-1/2

[Event "4NCL Division 4 South"]
[Site "Bedford, ENG"]
[Date "2019.01.13"]
[Round "4.64"]
[White "Carpenter, Raymond"]
[Black "Tomboline, David"]
[Result "0-1"]
[WhiteElo "1751"]
[BlackElo "1941"]
[PlyCount "98"]
[EventDate "2019.01.13"]
[WhiteTeam "Fischer's Catch"]
[BlackTeam "Check Innmates 2"]

1. e4 c6 2. d4 d5 3. Nc3 a6 4. Be2 dxe4 5. Nxe4 Bf5 6. Ng3 Bg6 7. Nf3 Nd7 8.
Nh4 e6 9. Nxg6 hxg6 10. c3 Bd6 11. Ne4 Bc7 12. g3 Ngf6 13. Ng5 Qe7 14. Qb3
O-O-O 15. Bd2 Nd5 16. c4 N5b6 17. Ne4 Nf6 18. Bb4 Qd7 19. Nxf6 gxf6 20. O-O-O
Qe8 21. Bc5 Nd7 22. Ba7 f5 23. c5 Nf6 24. Bb6 Qe7 25. Bxc7 Qxc7 26. Qe3 Nd5 27.
Qe5 Qa5 28. Bc4 Rh7 29. Kb1 g5 30. Bxd5 Rxd5 31. Qf6 g4 32. Qg5 Qd8 33. Qf4 Qh8
34. h4 gxh3 35. Rh2 Qg7 36. Kc2 Qg4 37. Qe3 e5 38. f4 e4 39. Rdh1 Rd8 40. Kd2
f6 41. Kc3 Rhd7 42. Rxh3 Qg8 43. Rd1 Qxa2 44. b3 Qa5+ 45. Kb2 Qb4 46. Rh6 Rxd4
47. Rxd4 Rxd4 48. Rh8+ Kc7 49. Rh7+ Kb8 0-1

[Event "4NCL Division 4 South"]
[Site "Bedford, ENG"]
[Date "2019.01.13"]
[Round "4.65"]
[White "Parker, Francis"]
[Black "Chong, Kimberly"]
[Result "1-0"]
[WhiteElo "1962"]
[BlackElo "1682"]
[PlyCount "87"]
[EventDate "2019.01.13"]
[WhiteTeam "Check Innmates 2"]
[BlackTeam "Fischer's Catch"]

1. f4 Nf6 2. Nf3 g6 3. b4 Bg7 4. Bb2 O-O 5. c4 d5 6. e3 b6 7. Qc2 dxc4 8. Na3
Na6 9. Qxc4 Qd5 10. Rb1 Rd8 11. Bxf6 Qxc4 12. Bxc4 Bxf6 13. d4 c5 14. bxc5 bxc5
15. Ne5 Bxe5 16. fxe5 cxd4 17. O-O e6 18. Rfd1 d3 19. Rxd3 Rxd3 20. Bxd3 Nc5
21. Be2 Bb7 22. Rc1 Rc8 23. Nb5 Nd7 24. Rxc8+ Bxc8 25. Nxa7 Bb7 26. a4 Kf8 27.
a5 Nxe5 28. a6 Bd5 29. Nc8 Nd7 30. Bf3 Nf6 31. Nb6 Ne8 32. Bxd5 Nc7 33. Bb7
Nxa6 34. Bxa6 Ke7 35. Nc4 Kf6 36. e4 Kg5 37. g3 f5 38. e5 f4 39. Bc8 fxg3 40.
Bxe6 gxh2+ 41. Kxh2 Kf4 42. Bd7 Kg5 43. Nb6 h5 44. Nd5 1-0

[Event "4NCL Division 4 South"]
[Site "Bedford, ENG"]
[Date "2019.01.13"]
[Round "4.66"]
[White "Jaberansari, Daniel"]
[Black "Bourne, Johnathan D"]
[Result "0-1"]
[WhiteElo "1382"]
[BlackElo "1905"]
[PlyCount "50"]
[EventDate "2019.01.13"]
[WhiteTeam "Fischer's Catch"]
[BlackTeam "Check Innmates 2"]

1. e4 e5 2. Nf3 Nc6 3. d4 exd4 4. Nxd4 Nf6 5. Nxc6 bxc6 6. e5 Qe7 7. Qe2 Nd5 8.
c4 Nb6 9. b3 Qe6 10. Bb2 g6 11. f4 Bg7 12. Nd2 O-O 13. O-O-O Re8 14. Nf3 Ba6
15. Qf2 d6 16. Qh4 h6 17. g4 dxe5 18. f5 gxf5 19. gxf5 Qxf5 20. Rg1 Re6 21.
Rd8+ Re8 22. Rxa8 Nxa8 23. Bxe5 Qxf3 24. Qxh6 Qxf1+ 25. Kc2 Qxg1 0-1

[Event "4NCL Division 4 South"]
[Site "Bedford, ENG"]
[Date "2019.01.13"]
[Round "4.71"]
[White "Paterson, Andrew I"]
[Black "Martin, Nick J"]
[Result "1-0"]
[WhiteElo "2050"]
[BlackElo "1795"]
[PlyCount "61"]
[EventDate "2019.01.13"]
[WhiteTeam "Warwickshire Select 2"]
[BlackTeam "Banbury Bulldogs"]

1. c4 f5 2. g3 Nf6 3. Bg2 g6 4. Nc3 Bg7 5. Nf3 O-O 6. O-O Nc6 7. d4 d6 8. Rb1
a5 9. d5 Ne5 10. b3 Nxf3+ 11. exf3 e5 12. dxe6 Bxe6 13. f4 Rb8 14. Bb2 Bd7 15.
Qd2 Bc6 16. Nd5 Bxd5 17. Bxd5+ Kh8 18. Bxf6 Rxf6 19. Qxa5 Ra8 20. Qd2 c6 21.
Bf3 d5 22. cxd5 Rd6 23. Rfe1 cxd5 24. a4 Rc8 25. Rbc1 Rxc1 26. Qxc1 b6 27. Be2
h6 28. Bb5 Kh7 29. h4 d4 30. Qc2 Qd7 31. h5 1-0

[Event "4NCL Division 4 South"]
[Site "Bedford, ENG"]
[Date "2019.01.13"]
[Round "4.72"]
[White "Hibbitt, Arthur M"]
[Black "Ingram, Keith R"]
[Result "0-1"]
[WhiteElo "1773"]
[BlackElo "1960"]
[PlyCount "96"]
[EventDate "2019.01.13"]
[WhiteTeam "Banbury Bulldogs"]
[BlackTeam "Warwickshire Select 2"]

1. Nf3 e5 2. e4 Nf6 3. d3 Nc6 4. g3 Be7 5. Bg2 d5 6. Nbd2 dxe4 7. dxe4 Bg4 8.
O-O O-O 9. h3 Bh5 10. c3 Qd3 11. Re1 Rad8 12. Re3 Qd7 13. Qc2 Bc5 14. Re1 Qd3
15. Qxd3 Rxd3 16. b4 Bb6 17. b5 Na5 18. Nxe5 Rxc3 19. g4 Bg6 20. Nxg6 fxg6 21.
e5 Nxg4 22. Re2 Nxf2 23. Kh2 Nd3 24. e6 Re8 25. e7 Nf4 26. Re1 Nxg2 27. Kxg2
Bc5 28. Nf3 Rxe7 29. Bd2 Rc2 30. Rxe7 Bxe7 31. Re1 Kf8 32. Kf1 Nc4 33. Bf4 Bc5
34. Re2 Rc3 35. Ng5 Ne3+ 36. Bxe3 Bxe3 37. Ne6+ Ke7 38. Nf4 Kd6 39. Ng2 Bc5 40.
Rd2+ Ke5 41. Re2+ Kf5 42. Nh4+ Kf4 43. Ng2+ Kg3 44. Ke1 Kxh3 45. Kd2 Ra3 46.
Kc1 Kg3 47. Ne1 Kg4 48. Kb2 Re3 0-1

[Event "4NCL Division 4 South"]
[Site "Bedford, ENG"]
[Date "2019.01.13"]
[Round "4.73"]
[White "Turner, Simon"]
[Black "Evans, Christopher J"]
[Result "1-0"]
[WhiteElo "1922"]
[BlackElo "1756"]
[PlyCount "74"]
[EventDate "2019.01.13"]
[WhiteTeam "Warwickshire Select 2"]
[BlackTeam "Banbury Bulldogs"]

1. d4 Nf6 2. c4 c5 3. d5 b5 4. cxb5 a6 5. bxa6 Bxa6 6. Nc3 d6 7. f4 g6 8. Nf3
Bg7 9. e4 Bxf1 10. Rxf1 Qb6 11. Qe2 O-O 12. e5 dxe5 13. fxe5 Ne8 14. Kf2 f5 15.
Re1 h6 16. Qc4 Qb4 17. Qxb4 cxb4 18. Ne2 Nc7 19. Nf4 Kh7 20. d6 exd6 21. exd6
Nb5 22. Ne6 Re8 23. Neg5+ hxg5 24. Nxg5+ Kh6 25. Rxe8 Bd4+ 26. Kf1 Bf6 27. Ne4+
Kg7 28. Nxf6 Nxd6 29. Re6 Nc4 30. Nd5 Ra5 31. Nxb4 Kf7 32. Re2 Nd7 33. b3 Nce5
34. Bb2 Rb5 35. a3 Ng4 36. Rae1 Ndf6 37. h3 Ne4 1-0

[Event "4NCL Division 4 South"]
[Site "Bedford, ENG"]
[Date "2019.01.13"]
[Round "4.74"]
[White "Bowman, Kevin"]
[Black "Ali, Golam S"]
[Result "0-1"]
[WhiteElo "1765"]
[BlackElo "1782"]
[PlyCount "104"]
[EventDate "2019.01.13"]
[WhiteTeam "Banbury Bulldogs"]
[BlackTeam "Warwickshire Select 2"]

1. b4 Nf6 2. c4 g6 3. Bb2 Bg7 4. g3 O-O 5. Bg2 c6 6. Nc3 Re8 7. Qb3 e6 8. Nf3
d5 9. cxd5 exd5 10. O-O Ne4 11. Rfe1 Bg4 12. Rad1 Nd7 13. d3 Ng5 14. Nxg5 Qxg5
15. Bc1 Qh5 16. f3 Bh3 17. e4 Bd4+ 18. Kh1 Ne5 19. Rf1 Bxg2+ 20. Kxg2 g5 21.
Ne2 Bb6 22. d4 Ng6 23. e5 f6 24. Be3 fxe5 25. dxe5 Bxe3 26. Qxe3 Rxe5 27. Qd3
Rae8 28. Rf2 Re3 29. Qd2 g4 30. Ng1 gxf3+ 31. Nxf3 Qg4 32. Nd4 Qe4+ 33. Kg1 Re5
34. Rdf1 Rd3 35. Qh6 Qxd4 36. Kh1 Qe4+ 37. Kg1 Re8 38. Rf7 Qe3+ 39. Qxe3 Rdxe3
40. Rxb7 R8e7 41. Rb8+ Kg7 42. Rc8 Rc3 43. a4 Rc2 44. Rf2 Rxf2 45. Kxf2 Ne5 46.
Ke3 Rb7 47. Kf4 Nd3+ 48. Kg4 Nxb4 49. h4 d4 50. h5 h6 51. Kf5 d3 52. Ke6 d2 0-1

[Event "4NCL Division 4 South"]
[Site "Bedford, ENG"]
[Date "2019.01.13"]
[Round "4.75"]
[White "Sandhu, Manvith"]
[Black "Joain, Danut"]
[Result "0-1"]
[WhiteElo "1645"]
[BlackElo "1675"]
[PlyCount "122"]
[EventDate "2019.01.13"]
[WhiteTeam "Warwickshire Select 2"]
[BlackTeam "Banbury Bulldogs"]

1. e4 Nf6 2. Nc3 d6 3. d4 g6 4. Nf3 Bg7 5. Bc4 O-O 6. O-O c6 7. Bb3 Bg4 8. h3
Bxf3 9. Qxf3 Nbd7 10. Be3 b5 11. Rad1 Qc7 12. Rfe1 b4 13. Ne2 e5 14. c3 a5 15.
cxb4 axb4 16. Ng3 exd4 17. Bxd4 c5 18. Rc1 Qd8 19. Be3 Ne5 20. Qe2 Nfd7 21.
Red1 Qe7 22. Qd2 c4 23. Bxc4 Nxc4 24. Rxc4 Rxa2 25. Rxb4 Be5 26. Bf4 Nc5 27.
Bxe5 dxe5 28. Qc3 Ne6 29. Ne2 h5 30. Rb5 Nf4 31. Nxf4 exf4 32. Qb4 Qh4 33. Rb8
Rxb8 34. Qxb8+ Kg7 35. Qe5+ Qf6 36. Qxf6+ Kxf6 37. Rb1 Ra5 38. b4 Rb5 39. f3
Ke5 40. Kf2 h4 41. Ke2 Kd4 42. Rd1+ Kc4 43. Rd7 Rxb4 44. Rxf7 Rb2+ 45. Kd1 g5
46. Rd7 Rxg2 47. e5 Ra2 48. e6 Ra6 49. Rg7 Kd3 50. Rd7+ Ke3 51. Rd5 Rxe6 52.
Rxg5 Kxf3 53. Rg4 Re4 54. Kd2 Re2+ 55. Kd3 Re7 56. Kd2 Rh7 57. Ke1 Ke3 58. Kf1
Rc7 59. Rxh4 f3 60. Kg1 Rc1+ 61. Kh2 f2 0-1

[Event "4NCL Division 4 South"]
[Site "Bedford, ENG"]
[Date "2019.01.13"]
[Round "4.76"]
[White "Rumsby, Stephen"]
[Black "Monga, Kanav"]
[Result "0-1"]
[WhiteElo "1570"]
[BlackElo "1337"]
[PlyCount "72"]
[EventDate "2019.01.13"]
[WhiteTeam "Banbury Bulldogs"]
[BlackTeam "Warwickshire Select 2"]

1. e4 c5 2. Nc3 e6 3. f4 Nc6 4. Nf3 Qc7 5. d3 d6 6. Be2 Nd4 7. Nxd4 cxd4 8. Nb1
Nf6 9. O-O Be7 10. Nd2 Bd7 11. Nf3 O-O 12. Kh1 Qb6 13. b3 Ng4 14. Qe1 Rac8 15.
Bd1 Rc6 16. Bb2 e5 17. Rc1 Rfc8 18. c3 Ne3 19. fxe5 Nxf1 20. Nxd4 R6c7 21. Qxf1
dxe5 22. Nf5 Bxf5 23. Qxf5 Qe3 24. Qf1 Bb4 25. c4 Rd7 26. Bg4 f5 27. Bxf5 Rf7
28. Be6 Rcf8 29. Bxe5 Kh8 30. Bxf7 Rxf7 31. Qd1 Bd2 32. Ra1 Qg5 33. Bg3 Qe3 34.
Rb1 Qxd3 35. e5 Qf5 36. Qe2 Qxb1+ 0-1

[Event "4NCL Division 4 South"]
[Site "Bedford, ENG"]
[Date "2019.01.13"]
[Round "4.81"]
[White "Dias, Savin"]
[Black "Smith, Steve"]
[Result "1-0"]
[WhiteElo "1887"]
[BlackElo "1763"]
[PlyCount "173"]
[EventDate "2019.01.13"]
[WhiteTeam "Wood Green Youth"]
[BlackTeam "West is Best 4"]

1. e4 e5 2. Nf3 Nc6 3. Bc4 Bc5 4. c3 Nf6 5. d3 a6 6. Bb3 Ba7 7. O-O d6 8. Nbd2
O-O 9. Re1 Ng4 10. Re2 Kh8 11. h3 Nh6 12. Nf1 f5 13. Bxh6 gxh6 14. exf5 Bxf5
15. N1h2 Qf6 16. Qd2 Rae8 17. Bc2 Re7 18. Kh1 Rg7 19. Rg1 Ne7 20. g4 Bd7 21. d4
Bc6 22. Be4 exd4 23. cxd4 Nd5 24. Rg3 Nf4 25. Re1 Bxe4 26. Rxe4 Re7 27. g5 hxg5
28. Rxe7 Qxe7 29. Nxg5 h6 30. Ngf3 Qe2 31. Qc3 Nd5 32. Qc1 Qe6 33. Nh4 Rg8 34.
Rxg8+ Kxg8 35. Ng4 Kg7 36. Qc2 h5 37. Nf5+ Kf8 38. Nge3 Nxe3 39. fxe3 Bb6 40.
Qf2 Qe4+ 41. Kh2 Ke8 42. Ng7+ Kd7 43. Nxh5 Qg6 44. Nf6+ Ke6 45. Ng4 c6 46. Kg3
Bc7 47. Qf4 Qg7 48. Qe4+ Kd7 49. Qf5+ Ke8 50. Qe6+ Kd8 51. Qf6+ Qxf6 52. Nxf6
Ke7 53. Ng4 d5+ 54. Ne5 c5 55. Kf4 Kf6 56. h4 b5 57. h5 c4 58. h6 b4 59. Kf3 a5
60. Ke2 a4 61. Kd2 Ba5 62. Kc2 b3+ 63. axb3 cxb3+ 64. Kd3 a3 65. bxa3 Be1 66.
Nf3 Ba5 67. h7 Kg7 68. Ng5 Kh8 69. Ne6 Kxh7 70. Nf4 Kg7 71. Nxd5 Kf7 72. Nb4
Bd8 73. Kc3 Bg5 74. e4 Be3 75. d5 Bd4+ 76. Kxb3 Ke8 77. Kc4 Be5 78. Nc6 Bd6 79.
a4 Kd7 80. e5 Bc7 81. Kc5 Kc8 82. d6 Bb8 83. Nxb8 Kxb8 84. d7 Ka7 85. d8=Q Kb7
86. Qd7+ Ka6 87. e6 1-0

[Event "4NCL Division 4 South"]
[Site "Bedford, ENG"]
[Date "2019.01.13"]
[Round "4.82"]
[White "Eckert, Jonathan"]
[Black "Parry, Samuel"]
[Result "1/2-1/2"]
[WhiteElo "1704"]
[BlackElo "1530"]
[PlyCount "85"]
[EventDate "2019.01.13"]
[WhiteTeam "West is Best 4"]
[BlackTeam "Wood Green Youth"]

1. e4 c5 2. Nc3 Nc6 3. f4 g6 4. Nf3 Bg7 5. Bb5 Nd4 6. O-O a6 7. Bd3 e6 8. Nxd4
cxd4 9. Ne2 Ne7 10. b3 O-O 11. Bb2 Nc6 12. Kh1 d6 13. c3 dxc3 14. Bxc3 b5 15.
a4 b4 16. Bxg7 Kxg7 17. Rc1 Bb7 18. f5 e5 19. Qe1 gxf5 20. Rxf5 Ne7 21. Qg3+
Kh8 22. Rh5 Rg8 23. Qf3 f5 24. Qh3 Rg7 25. Ng3 f4 26. Nf5 Nxf5 27. Rxf5 Bc8 28.
Bc4 Bxf5 29. Qxf5 Qg5 30. Qh3 Qg4 31. Qxg4 Rxg4 32. Bd5 Rd8 33. Rc6 a5 34. Ra6
Rg7 35. Rxa5 Rc8 36. Bc4 f3 37. gxf3 d5 38. Rxd5 Rcg8 39. h4 Rg3 40. Kh2 Rg2+
41. Kh1 Rg1+ 42. Kh2 R1g2+ 43. Kh1 1/2-1/2

[Event "4NCL Division 4 South"]
[Site "Bedford, ENG"]
[Date "2019.01.13"]
[Round "4.83"]
[White "Hirst, Joe"]
[Black "Di-Vetta, Andrew"]
[Result "1-0"]
[WhiteElo "1595"]
[BlackElo "1728"]
[PlyCount "67"]
[EventDate "2019.01.13"]
[WhiteTeam "Wood Green Youth"]
[BlackTeam "West is Best 4"]

1. e4 c5 2. Nf3 d6 3. d4 cxd4 4. Nxd4 Nf6 5. Nc3 a6 6. Be2 e6 7. O-O Be7 8. Be3
Qc7 9. f4 Nc6 10. Bf3 Bd7 11. Nb3 Nd8 12. a4 Bc6 13. a5 Nd7 14. Qe2 O-O 15. Qf2
Rc8 16. Rfc1 Bf6 17. Bd4 e5 18. Bb6 Nxb6 19. axb6 Qe7 20. f5 g6 21. fxg6 fxg6
22. Rf1 Ne6 23. Bg4 h5 24. Bh3 Rcd8 25. Bxe6+ Qxe6 26. Na5 Rc8 27. Nxc6 Rxc6
28. Nd5 Bg7 29. Qd2 Rc4 30. Rxf8+ Bxf8 31. Rf1 Bg7 32. Nc7 Rxc7 33. bxc7 Kh7
34. Qd5 1-0

[Event "4NCL Division 4 South"]
[Site "Bedford, ENG"]
[Date "2019.01.13"]
[Round "4.84"]
[White "Melsom, Jonathan T"]
[Black "Dias, Ruwan"]
[Result "1-0"]
[WhiteElo "1712"]
[BlackElo "1465"]
[PlyCount "83"]
[EventDate "2019.01.13"]
[WhiteTeam "West is Best 4"]
[BlackTeam "Wood Green Youth"]

1. e4 e5 2. Nf3 Nf6 3. Nxe5 d6 4. Nf3 Nxe4 5. d4 d5 6. Bd3 Nc6 7. a3 Bf5 8. O-O
Be7 9. Re1 O-O 10. c4 Re8 11. c5 Bf6 12. Be3 Qd7 13. Qb3 b6 14. cxb6 Rab8 15.
Qc2 Rxb6 16. Nc3 Reb8 17. Rab1 Re8 18. Rec1 h6 19. Na4 Rbb8 20. Qxc6 Qxc6 21.
Rxc6 Bd7 22. Ra6 Bxa4 23. Rxa4 Ra8 24. Rc1 Re7 25. Ra6 Rd7 26. Bb5 Re7 27. Bc6
Rb8 28. b4 Rd8 29. Rxa7 Kh7 30. Bb5 Rb8 31. Bd3 Rc8 32. b5 Rd7 33. b6 Bd8 34.
b7 Rb8 35. Ne5 Rd6 36. f3 f6 37. Nf7 Rd7 38. Nxd8 Rdxd8 39. Rxc7 f5 40. fxe4
fxe4 41. Ba6 Rf8 42. Rc8 1-0

[Event "4NCL Division 4 South"]
[Site "Bedford, ENG"]
[Date "2019.01.13"]
[Round "4.85"]
[White "Lazarevic, Ljubica"]
[Black "Davies, Merlin"]
[Result "0-1"]
[WhiteElo "1359"]
[BlackElo "1582"]
[PlyCount "60"]
[EventDate "2019.01.13"]
[WhiteTeam "Wood Green Youth"]
[BlackTeam "West is Best 4"]

1. e4 e5 2. Nf3 f5 3. Nxe5 Qf6 4. d4 d6 5. Nc4 fxe4 6. Nc3 Nh6 7. Be2 Nf5 8. d5
Nh4 9. O-O Qg6 10. Bh5 Nf3+ 11. Bxf3 exf3 12. Qxf3 Be7 13. Ne3 h5 14. Qg3 Qh7
15. f4 h4 16. Qf3 Nd7 17. Ne4 Rf8 18. b3 Ne5 19. Qe2 Qxe4 20. fxe5 Rxf1+ 21.
Qxf1 Qxe5 22. Rb1 Bd7 23. Qd3 O-O-O 24. Bb2 Qg5 25. Rf1 Re8 26. Bc1 Qh5 27. Qd4
b6 28. Qxg7 Bg5 29. Qd4 h3 30. g3 Qe2 0-1

[Event "4NCL Division 4 South"]
[Site "Bedford, ENG"]
[Date "2019.01.13"]
[Round "4.86"]
[White "Davies, Huw"]
[Black "Dias, Sam"]
[Result "0-1"]
[WhiteElo "1262"]
[BlackElo "1225"]
[PlyCount "52"]
[EventDate "2019.01.13"]
[WhiteTeam "West is Best 4"]
[BlackTeam "Wood Green Youth"]

1. e4 e6 2. Nf3 d5 3. e5 c5 4. c3 Bd7 5. a4 Ne7 6. Na3 a6 7. b4 Ng6 8. Rb1 Qc7
9. Be2 Nf4 10. O-O Nxe2+ 11. Qxe2 Bxa4 12. b5 c4 13. d4 Bxa3 14. Bxa3 Bxb5 15.
Bd6 Qd7 16. Bxb8 Rxb8 17. Ra1 O-O 18. h4 Ra8 19. Qb2 Rfb8 20. g4 a5 21. g5 Bc6
22. Qa3 b5 23. Qc5 a4 24. Qa3 Rb7 25. Rab1 Qe7 26. Nh2 Qxa3 0-1

[Event "4NCL Division 4 South"]
[Site "Bedford, ENG"]
[Date "2019.01.13"]
[Round "4.91"]
[White "Jones, Robert L"]
[Black "Volovich, Julia"]
[Result "1/2-1/2"]
[WhiteElo "1809"]
[BlackElo "1870"]
[PlyCount "100"]
[EventDate "2019.01.13"]
[WhiteTeam "Iceni 3"]
[BlackTeam "Poisoned Pawns - Next Generation"]

1. e4 e6 2. d4 d5 3. e5 c5 4. c3 Nc6 5. Nf3 Qb6 6. a3 c4 7. Nbd2 Bd7 8. Rb1 Na5
9. g3 Ne7 10. Bg2 O-O-O 11. O-O h6 12. h4 f5 13. exf6 gxf6 14. Bh3 Rg8 15. Re1
Ng6 16. Kf1 Re8 17. h5 Nh8 18. Nh2 Nf7 19. Ng4 e5 20. f4 Bf5 21. Kg2 Kd8 22.
Ra1 exd4 23. Rxe8+ Kxe8 24. Qe2+ Be7 25. cxd4 Qxd4 26. Nf2 Qxf4 27. Nf1 Bxh3+
28. Kxh3 Qf5+ 29. g4 Ng5+ 30. Bxg5 Qxg5 31. Re1 Nc6 32. Qe6 f5 33. Qxf5 Qxf5
34. gxf5 Kf7 35. Ng4 Rg5 36. Ng3 Bd6 37. Nxh6+ Kg7 38. Ng4 Bxg3 39. Kxg3 Rxh5
40. f6+ Kf7 41. Kf4 d4 42. Rd1 b5 43. Ke4 a5 44. Rf1 b4 45. axb4 axb4 46. Rc1
c3 47. bxc3 dxc3 48. Ne3 Re5+ 49. Kd3 Ra5 50. Kc4 Kxf6 1/2-1/2

[Event "4NCL Division 4 South"]
[Site "Bedford, ENG"]
[Date "2019.01.13"]
[Round "4.92"]
[White "Trivedi, Aarnavh"]
[Black "Lovell, Steve"]
[Result "1-0"]
[WhiteElo "1810"]
[BlackElo "1810"]
[PlyCount "65"]
[EventDate "2019.01.13"]
[WhiteTeam "Poisoned Pawns - Next Generation"]
[BlackTeam "Iceni 3"]

1. d4 Nf6 2. Bf4 e6 3. e3 c5 4. c3 Nc6 5. Nf3 d5 6. Nbd2 Bd6 7. Ne5 Bxe5 8.
dxe5 Nd7 9. Nf3 Qa5 10. Be2 b5 11. O-O Ba6 12. Qc2 Qc7 13. a4 Rb8 14. axb5 Bxb5
15. Bxb5 Rxb5 16. Rfb1 a5 17. e4 Nb6 18. Bg3 Qb7 19. exd5 Nxd5 20. Ng5 Nde7 21.
Qe2 h6 22. Ne4 Nc8 23. Ra2 Ke7 24. Qg4 g5 25. Qf3 Rh7 26. Nf6 Rg7 27. Rd1 Nb8
28. Qd3 Nc6 29. Qe3 Nb8 30. c4 Rb6 31. Qxc5+ Nd6 32. Rxd6 Na6 33. Rd7# 1-0

[Event "4NCL Division 4 South"]
[Site "Bedford, ENG"]
[Date "2019.01.13"]
[Round "4.93"]
[White "Donaghay, Richard H"]
[Black "Srivastava, Arnav"]
[Result "1/2-1/2"]
[WhiteElo "1830"]
[BlackElo "1802"]
[PlyCount "45"]
[EventDate "2019.01.13"]
[WhiteTeam "Iceni 3"]
[BlackTeam "Poisoned Pawns - Next Generation"]

1. e4 e5 2. Nc3 Nf6 3. g3 Bc5 4. Bg2 O-O 5. Nf3 Re8 6. O-O d6 7. d4 exd4 8.
Nxd4 Nc6 9. Nxc6 bxc6 10. Na4 Bb4 11. a3 Ba5 12. b4 Bb6 13. Bb2 Bb7 14. Nxb6
cxb6 15. Re1 Rb8 16. e5 dxe5 17. Bxe5 Rc8 18. Qxd8 Rcxd8 19. Bxf6 gxf6 20. b5
Rxe1+ 21. Rxe1 Kf8 22. Kf1 Ba8 23. a4 1/2-1/2

[Event "4NCL Division 4 South"]
[Site "Bedford, ENG"]
[Date "2019.01.13"]
[Round "4.94"]
[White "Dharmasena, Kian"]
[Black "Balakrishnan, Kathirvel"]
[Result "1-0"]
[WhiteElo "1787"]
[BlackElo "1600"]
[PlyCount "83"]
[EventDate "2019.01.13"]
[WhiteTeam "Poisoned Pawns - Next Generation"]
[BlackTeam "Iceni 3"]

1. e4 e6 2. d4 d5 3. exd5 exd5 4. Bd3 Nf6 5. Ne2 Bd6 6. O-O c6 7. Bf4 O-O 8.
Bxd6 Qxd6 9. c3 Re8 10. Ng3 g6 11. f4 Ne4 12. Bxe4 dxe4 13. f5 Nd7 14. Nd2 Nf6
15. Nc4 Qe7 16. Ne5 Nd5 17. fxg6 hxg6 18. Qe2 Be6 19. Nxe4 Kg7 20. c4 Nb6 21.
b3 Nd7 22. Nxd7 Bxd7 23. Qf2 Bf5 24. Ng3 Bd3 25. Rfe1 Qf6 26. Qxf6+ Kxf6 27.
Rad1 Bc2 28. Rf1+ Kg7 29. Rd2 Be4 30. Re1 f5 31. Nxe4 Rxe4 32. Rxe4 fxe4 33.
Kf2 Re8 34. Ke3 Re7 35. Rf2 g5 36. Rf5 Kg6 37. Re5 Rxe5 38. dxe5 Kf5 39. e6
Kxe6 40. Kxe4 Kf6 41. h3 Ke6 42. g3 1-0

[Event "4NCL Division 4 South"]
[Site "Bedford, ENG"]
[Date "2019.01.13"]
[Round "4.95"]
[White "Ryan, John"]
[Black "Dharmasena, Gavith"]
[Result "0-1"]
[WhiteElo "1426"]
[BlackElo "1825"]
[PlyCount "76"]
[EventDate "2019.01.13"]
[WhiteTeam "Iceni 3"]
[BlackTeam "Poisoned Pawns - Next Generation"]

1. d4 d5 2. Nf3 Nf6 3. Bf4 c5 4. e3 Nc6 5. dxc5 e6 6. Nbd2 Bxc5 7. Nb3 Be7 8.
Bd3 O-O 9. O-O Nd7 10. Bb5 Qb6 11. Bxc6 bxc6 12. Rb1 Ba6 13. Re1 c5 14. Nbd2
Bf6 15. c3 Bd3 16. Qb3 Bxb1 17. Rxb1 e5 18. Bg5 Bxg5 19. Nxg5 h6 20. Ngf3 e4
21. Ne1 Qe6 22. Qd1 a5 23. b3 Rfd8 24. c4 dxc4 25. Nxc4 Ne5 26. Qe2 Nxc4 27.
bxc4 Rab8 28. Rb5 Rxb5 29. cxb5 Rb8 30. Qb2 Qd6 31. a4 Rd8 32. Qc2 Re8 33. g3
Qc7 34. h4 c4 35. Qc3 Rd8 36. Nc2 Rd3 37. Qa1 c3 38. Kg2 Rd2 0-1

[Event "4NCL Division 4 South"]
[Site "Bedford, ENG"]
[Date "2019.01.13"]
[Round "4.96"]
[White "Ribbands, Patrick C"]
[Black "Kent, Rowan"]
[Result "1-0"]
[WhiteElo "1765"]
[BlackElo "1330"]
[PlyCount "99"]
[EventDate "2019.01.13"]
[WhiteTeam "Poisoned Pawns - Next Generation"]
[BlackTeam "Iceni 3"]

1. c4 e5 2. Nc3 Nf6 3. e3 Be7 4. g3 O-O 5. Bg2 c6 6. d4 exd4 7. Qxd4 d6 8. Nge2
Bf5 9. O-O Nbd7 10. e4 Be6 11. b3 Re8 12. Bf4 Nf8 13. Rad1 Bg4 14. h3 Ne6 15.
Qd2 Nxf4 16. Qxf4 Bxe2 17. Nxe2 Qc7 18. Nd4 Rad8 19. Nf5 Bf8 20. c5 Re6 $11 21.
cxd6 Bxd6 22. Nxd6 Rexd6 23. Rxd6 Qxd6 24. Qxd6 Rxd6 25. e5 Rd2 26. exf6 gxf6
27. Ra1 Kg7 28. Kf1 h6 29. Ke1 Rb2 30. Bf3 Kf8 31. Be2 c5 32. f4 b6 33. Kf2 Ke7
34. Ke3 Ke6 35. Bc4+ Ke7 36. a4 Rh2 37. h4 Rg2 38. Kf3 Rd2 39. Kg4 Kf8 40. Re1
Rd7 41. Kf5 Kg7 42. g4 Rc7 43. Rd1 Re7 44. Rd6 Rc7 45. Rxf6 Rd7 46. h5 Re7 47.
g5 hxg5 48. fxg5 Rd7 49. h6+ Kg8 50. g6 1-0